Going for broke : The chrysler story
Enregistré dans:
| Auteur principal: | |
|---|---|
| Format: | Livre |
| Langue: | Undetermined |
| Publié: |
New York
Doubleday
1981
|
| Sujets: | |
| Tags: |
Ajouter un tag
Pas de tags, Soyez le premier à ajouter un tag!
|
| Thư viện lưu trữ: | Trung tâm Học liệu Trường Đại học Cần Thơ |
|---|
| LEADER | 00539nam a2200205Ia 4500 | ||
|---|---|---|---|
| 001 | CTU_83647 | ||
| 008 | 210402s9999 xx 000 0 und d | ||
| 082 | |a 338.7 | ||
| 082 | |b M826 | ||
| 100 | |a Moritz, Michael | ||
| 245 | 0 | |a Going for broke : | |
| 245 | 4 | |b The chrysler story | |
| 245 | 0 | |c Michael Moritz, Barrett Seaman | |
| 260 | |a New York | ||
| 260 | |b Doubleday | ||
| 260 | |c 1981 | ||
| 650 | |a Chrysler corporation | ||
| 650 | |x History | ||
| 904 | |i QHieu(sửa) | ||
| 980 | |a Trung tâm Học liệu Trường Đại học Cần Thơ | ||